Statistiken für Google Jahresrückblick 2022 - Persönlichkeiten des Jahres

Klicken Sie hier um das Quiz zu spielen!

Allgemein

  • Dieses Quiz wurde 107 mal gespielt
  • Das Durchschnittsergebnis liegt bei 1 aus 10

Antwortstatistiken

Suchbegriff% Korrekt
Vladimir Putin
96%
Will Smith
10%
Johnny Depp
8%
Boris Becker
7%
Amber Heard
6%
Anouschka Renzi
4%
Fynn Kliemann
4%
Harald Glööckler
4%
Novak Djokovic
4%
Tina Ruland
4%

Verteilung der Resultate

Perzentil nach korrekt beantworteten Fragen

Anzahl Personen mit jedem Resultat

Ihre Resultats-Entwicklung

Sie haben dieses Quiz noch nicht gespielt